[Event "COL-ch Amateurs U2000"]
[Site "Honda"]
[Date "2025.05.22"]
[Round "2"]
[White "Quevedo Bonilla, Paula Thaliana"]
[Black "Zapata Sanchez, Juan Jose"]
[Result "0-1"]
[WhiteElo "1867"]
[BlackElo "1999"]
[PlyCount "46"]
[EventDate "2025.05.22"]
[EventType "swiss"]
[EventRounds "7"]
[EventCountry "COL"]
[SourceTitle "CB22_2025"]
[SourceDate "2025.05.28"]
[SourceVersion "1"]
[SourceVersionDate "2025.05.28"]
[SourceQuality "1"]

1. e4 c6 2. d4 d5 3. Nc3 dxe4 4. Nxe4 Nf6 5. Nxf6+ exf6 6. Be3 Qb6 7. Qc1 Bf5 8. Nf3 Be7 9. Be2 0-0 10. 0-0 h6 11. Nh4 Bh7 12. a3 Re8 13. Bg4 Qc7 14. Nf5 Bf8 15. Ng3 Bd6 16. Qd2 Bg6 17. f4 Bxc2 18. Rae1 Bg6 19. Bf5 Nd7 20. Bxg6 fxg6 21. Qd3 f5 22. d5 c5 23. Kh1 Nf6 0-1

[Event "COL-ch 20 Girls"]
[Site "Bogota"]
[Date "2025.01.31"]
[Round "4"]
[White "Quevedo Bonilla, Paula Thaliana"]
[Black "Leguizamo Cortes, Laura Juliana"]
[Result "1/2-1/2"]
[WhiteElo "1753"]
[BlackElo "1555"]
[PlyCount "82"]
[EventDate "2025.01.29"]
[EventType "swiss"]
[EventRounds "9"]
[EventCountry "COL"]
[SourceTitle "CB06_2025"]
[SourceDate "2025.02.05"]
[SourceVersion "1"]
[SourceVersionDate "2025.02.05"]
[SourceQuality "1"]

1. e4 c5 2. Nf3 d6 3. d4 cxd4 4. Nxd4 Nf6 5. Nc3 a6 6. g3 e6 7. Bg2 Be7 8. 0-0 0-0 9. a4 Qc7 10. Nb3 Nbd7 11. f4 Nb6 12. Nd2 a5 13. Nb5 Qc5+ 14. Kh1 d5 15. e5 Ne4 16. Nxe4 dxe4 17. Bxe4 Bd7 18. Qd3 Rad8 19. Be3 Bxb5 20. axb5 Qc7 21. Bxb6 Qxb6 22. Qe2 Rd4 23. c3 Rdd8 24. f5 exf5 25. Bxf5 Qc7 26. e6 fxe6 27. Bxe6+ Kh8 28. Bb3 b6 29. Bc2 Qb7+ 30. Be4 Qc7 31. Rae1 Bc5 32. Qh5 Rxf1+ 33. Rxf1 g6 34. Qg5 Qe7 35. Qxe7 Bxe7 36. Rf2 Bc5 37. Re2 Rd1+ 38. Kg2 Kg7 39. Bc2 Rg1+ 40. Kf3 Rf1+ 41. Ke4 Rf2 1/2-1/2

[Event "COL-ch 20 Girls"]
[Site "Bogota"]
[Date "2025.01.30"]
[Round "2"]
[White "Quevedo Bonilla, Paula Thaliana"]
[Black "Mogollon Tobar, Nicolle Juliet"]
[Result "0-1"]
[WhiteElo "1753"]
[BlackElo "2063"]
[PlyCount "69"]
[EventDate "2025.01.29"]
[EventType "swiss"]
[EventRounds "9"]
[EventCountry "COL"]
[SourceTitle "CB06_2025"]
[SourceDate "2025.02.05"]
[SourceVersion "1"]
[SourceVersionDate "2025.02.05"]
[SourceQuality "1"]

1. e4 c5 2. Nf3 Nc6 3. d4 cxd4 4. Nxd4 Nf6 5. Nc3 e6 6. Ndb5 Bc5 7. Nd6+ Ke7 8. Nxc8+ Rxc8 9. Bd3 Qc7 10. Bg5 h6 11. Bh4 Bb4 12. 0-0 Bxc3 13. bxc3 g5 14. Bg3 e5 15. Qc1 Na5 16. Qa3+ Qc5 17. Qb4 d6 18. Rab1 Nh5 19. c4 b6 20. Rfd1 Rc6 21. Qd2 Nxc4 22. Bxc4 Qxc4 23. Qe3 Rhc8 24. Qa3 Nxg3 25. hxg3 R8c7 26. Rd2 Qxe4 27. Rbd1 Rd7 28. Rd3 f6 29. c3 Qc4 30. Re3 Qc5 31. Qb3 d5 32. Qc2 e4 33. Qe2 f5 34. Qh5 Kd8 35. Rd4 0-1

[Event "COL-ch 20 Girls"]
[Site "Bogota"]
[Date "2025.01.29"]
[Round "1"]
[White "Lopez Garcia, Luisa Maria"]
[Black "Quevedo Bonilla, Paula Thaliana"]
[Result "0-1"]
[WhiteElo "1508"]
[BlackElo "1753"]
[PlyCount "25"]
[EventDate "2025.01.29"]
[EventType "swiss"]
[EventRounds "9"]
[EventCountry "COL"]
[SourceTitle "CB06_2025"]
[SourceDate "2025.02.05"]
[SourceVersion "1"]
[SourceVersionDate "2025.02.05"]
[SourceQuality "1"]

1. d4 Nf6 2. Bf4 d5 3. h3 e6 4. Nf3 c5 5. e3 Nc6 6. c3 Bd6 7. Ne5 0-0 8. Bd3 h6 9. 0-0 Qc7 10. Nxc6 Bxf4 11. exf4 bxc6 12. g3 Qb6 13. h4 0-1

[Event "Manizales op 30th"]
[Site "Manizales"]
[Date "2025.01.11"]
[Round "6"]
[White "Diaz Uchima, Emmanuel Santiago"]
[Black "Quevedo Bonilla, Paula Thaliana"]
[Result "0-1"]
[WhiteElo "1590"]
[BlackElo "1753"]
[PlyCount "98"]
[EventDate "2025.01.08"]
[EventType "tourn"]
[EventRounds "7"]
[EventCountry "COL"]
[SourceTitle "CB03_2025"]
[SourceDate "2025.01.15"]
[SourceVersion "1"]
[SourceVersionDate "2025.01.15"]
[SourceQuality "1"]

1. d4 Nf6 2. Bf4 d5 3. Nf3 e6 4. Nc3 c5 5. e3 Be7 6. Bb5+ Bd7 7. Bxd7+ Nbxd7 8. h3 0-0 9. Ne5 Qb6 10. Rb1 Rfd8 11. 0-0 Rac8 12. Ne2 cxd4 13. Nxd4 Bd6 14. Nxd7 Rxd7 15. Bxd6 Qxd6 16. f4 e5 17. fxe5 Qxe5 18. Qf3 Re8 19. Rbe1 Ne4 20. Qf5 Qxf5 21. Rxf5 g6 22. Rf4 Nd6 23. b3 Rc7 24. Re2 a6 25. a4 Ne4 26. Rf3 Nc3 27. Re1 Rec8 28. g4 b5 29. a5 Ne4 30. Re2 b4 31. Re1 Ng5 32. Rg3 Ne6 33. Nxe6 fxe6 34. Rf3 Rxc2 35. Rf6 Re8 36. Ref1 Re7 37. Rf8+ Kg7 38. h4 e5 39. h5 Rc3 40. R8f6 Rxe3 41. hxg6 hxg6 42. Rxa6 d4 43. Rff6 Rg3+ 44. Kf2 Rxg4 45. Ke2 e4 46. Rab6 d3+ 47. Ke3 Rg3+ 48. Kf2 d2 49. Rfd6 Rd3 0-1

[Event "Manizales op 30th"]
[Site "Manizales"]
[Date "2025.01.10"]
[Round "5"]
[White "Quevedo Bonilla, Paula Thaliana"]
[Black "Ceballos Castellanos, Isabela"]
[Result "0-1"]
[WhiteElo "1753"]
[BlackElo "1891"]
[PlyCount "54"]
[EventDate "2025.01.08"]
[EventType "tourn"]
[EventRounds "7"]
[EventCountry "COL"]
[SourceTitle "CB03_2025"]
[SourceDate "2025.01.15"]
[SourceVersion "1"]
[SourceVersionDate "2025.01.15"]
[SourceQuality "1"]

1. e4 c5 2. Nf3 Nc6 3. d4 cxd4 4. Nxd4 e5 5. Nb5 a6 6. Nd6+ Bxd6 7. Qxd6 Qf6 8. Qd2 Qg6 9. Nc3 Nge7 10. f3 d5 11. b3 0-0 12. Bd3 dxe4 13. Nxe4 f5 14. Ng3 e4 15. Bc4+ Be6 16. Bxe6+ Qxe6 17. 0-0 Rad8 18. Qf2 Nd4 19. c3 Ndc6 20. Re1 Ne5 21. Qe2 Nd3 22. Rd1 Nxc1 23. Raxc1 e3 24. f4 Nd5 25. Re1 Rfe8 26. Nf1 Nxf4 27. Qxe3 Qxe3+ 0-1

[Event "Manizales op 30th"]
[Site "Manizales"]
[Date "2025.01.10"]
[Round "4"]
[White "Villamil Alarcon, Hector Orlando"]
[Black "Quevedo Bonilla, Paula Thaliana"]
[Result "1/2-1/2"]
[WhiteElo "1929"]
[BlackElo "1753"]
[PlyCount "64"]
[EventDate "2025.01.08"]
[EventType "tourn"]
[EventRounds "7"]
[EventCountry "COL"]
[SourceTitle "CB03_2025"]
[SourceDate "2025.01.15"]
[SourceVersion "1"]
[SourceVersionDate "2025.01.15"]
[SourceQuality "1"]

1. e4 c5 2. Nf3 d6 3. d4 cxd4 4. Nxd4 Nf6 5. Nc3 a6 6. Bg5 Nbd7 7. f4 Qc7 8. Qf3 h6 9. Bxf6 Nxf6 10. h3 e5 11. Nf5 Bxf5 12. exf5 Be7 13. 0-0-0 0-0 14. Kb1 Rac8 15. Bd3 Qb6 16. Nd5 Nxd5 17. Qxd5 Bf6 18. Qb3 Qc5 19. Be4 exf4 20. Rd5 Qe3 21. Bf3 Rfe8 22. Rd3 Qf2 23. Rhd1 Rc5 24. Rd5 Rec8 25. Rxc5 Rxc5 26. a4 b5 27. Bh5 Rc4 28. axb5 axb5 29. Bf3 Qc5 30. Rd5 Qg1+ 31. Rd1 Qc5 32. Rd5 Qg1+ 1/2-1/2

[Event "Dosquebradas Fiestas del Progreso"]
[Site "Dosquebradas"]
[Date "2024.12.08"]
[Round "8"]
[White "Quevedo Bonilla, Paula Thaliana"]
[Black "Hernandez Pinzon, Helvert"]
[Result "0-1"]
[WhiteElo "1724"]
[BlackElo "2016"]
[PlyCount "88"]
[EventDate "2024.12.04"]
[EventType "swiss"]
[EventRounds "9"]
[EventCountry "COL"]
[SourceTitle "CB50_2024"]
[SourceDate "2024.11.01"]
[SourceVersion "1"]
[SourceVersionDate "2024.11.01"]
[SourceQuality "2"]

1. e4 c5 2. Nf3 Nc6 3. d4 cxd4 4. Nxd4 Nf6 5. Nc3 e5 6. Ndb5 d6 7. Nd5 Nxd5 8. exd5 Ne7 9. c4 Ng6 10. Bd3 a6 11. Nc3 Be7 12. 0-0 f5 13. f3 0-0 14. a4 Bg5 15. Ne2 a5 16. Qc2 Bd7 17. Bd2 Bxd2 18. Qxd2 Qb6+ 19. Kh1 Rae8 20. Bc2 Qc5 21. Rac1 b6 22. b3 Re7 23. Qg5 Ref7 24. Qd2 Rf6 25. f4 e4 26. Nd4 Nh8 27. Rce1 Nf7 28. b4 axb4 29. Rb1 Qxc4 30. Qxb4 Rc8 31. Qxb6 Nh6 32. a5 Rff8 33. Qb4 Qa6 34. Qb6 Ra8 35. Nc6 Bxc6 36. dxc6 Qxa5 37. c7 Qxb6 38. Rxb6 Rfc8 39. Rc6 Ra7 40. Bb3+ Kf8 41. Rfc1 Ke7 42. R6c4 Ng4 43. Kg1 Nf6 44. R4c3 Ne8 0-1

[Event "COL-ch U16"]
[Site "Florencia Caqueta"]
[Date "2024.10.06"]
[Round "9"]
[White "Herrera Murillo, Jose Miguel"]
[Black "Quevedo Bonilla, Paula Thaliana"]
[Result "1-0"]
[WhiteElo "1895"]
[BlackElo "1792"]
[PlyCount "49"]
[EventDate "2024.10.06"]
[EventType "swiss (blitz)"]
[EventRounds "9"]
[EventCountry "COL"]
[SourceTitle "CB44_2024"]
[Source "Chessbase"]
[SourceDate "2024.10.30"]
[SourceVersion "1"]
[SourceVersionDate "2024.10.30"]
[SourceQuality "1"]

1. Nf3 d5 2. e3 e6 3. d4 c5 4. c3 Nc6 5. Bd3 Nf6 6. Nbd2 c4 7. Bc2 Bd6 8. 0-0 0-0 9. Qe2 Re8 10. e4 e5 11. dxe5 Nxe5 12. Nxe5 Bxe5 13. f4 Bc7 14. e5 Bb6+ 15. Kh1 Ng4 16. Nf3 Nh6 17. Ng5 g6 18. Qe1 Nf5 19. g4 Ng7 20. Qh4 h5 21. f5 Rxe5 22. fxg6 f6 23. Nf7 Qe7 24. Nxe5 Qxe5 25. Qxf6 1-0

[Event "COL-ch U16"]
[Site "Florencia Caqueta"]
[Date "2024.10.06"]
[Round "8"]
[White "Quevedo Bonilla, Paula Thaliana"]
[Black "Valencia Lopez, Rudiger Estiven"]
[Result "1-0"]
[WhiteElo "1792"]
[BlackElo "1644"]
[PlyCount "69"]
[EventDate "2024.10.06"]
[EventType "swiss (blitz)"]
[EventRounds "9"]
[EventCountry "COL"]
[SourceTitle "CB44_2024"]
[Source "Chessbase"]
[SourceDate "2024.10.30"]
[SourceVersion "1"]
[SourceVersionDate "2024.10.30"]
[SourceQuality "1"]

1. e4 c5 2. Nf3 d6 3. d4 cxd4 4. Nxd4 Nf6 5. Nc3 e6 6. Be2 Be7 7. 0-0 0-0 8. Be3 a6 9. a4 Nbd7 10. f4 Nc5 11. Bf3 Rb8 12. a5 Bd7 13. b4 e5 14. bxc5 exd4 15. Bxd4 dxc5 16. Be3 Bc6 17. Qe2 Qc7 18. Qf2 b6 19. axb6 Qxb6 20. Rfb1 Qa7 21. e5 Bxf3 22. exf6 Rxb1+ 23. Rxb1 Rc8 24. fxe7 Bc6 25. Bxc5 Qd7 26. Re1 Qf5 27. Qd4 Qf6 28. Qxf6 gxf6 29. Bd4 Kg7 30. Ne4 Kg6 31. Nxf6 Be8 32. Nxe8 Rxe8 33. Kf2 Kf5 34. Kf3 a5 35. c4 1-0

[Event "COL-ch U16"]
[Site "Florencia Caqueta"]
[Date "2024.10.06"]
[Round "6"]
[White "Quevedo Bonilla, Paula Thaliana"]
[Black "Viasus Cuellar, Juan Diego"]
[Result "1-0"]
[WhiteElo "1792"]
[BlackElo "1766"]
[PlyCount "49"]
[EventDate "2024.10.06"]
[EventType "swiss (blitz)"]
[EventRounds "9"]
[EventCountry "COL"]
[SourceTitle "CB44_2024"]
[Source "Chessbase"]
[SourceDate "2024.10.30"]
[SourceVersion "1"]
[SourceVersionDate "2024.10.30"]
[SourceQuality "1"]

1. e4 c5 2. Nf3 Nc6 3. d4 cxd4 4. Nxd4 g6 5. c4 Nf6 6. Nc3 Nxd4 7. Qxd4 Bg7 8. Be2 0-0 9. 0-0 d6 10. Qd3 Be6 11. Be3 Rc8 12. b3 a5 13. Rad1 Nd7 14. f4 f6 15. f5 Bf7 16. Nd5 Bxd5 17. Qxd5+ Kh8 18. fxg6 hxg6 19. Rf3 Nb6 20. Rh3+ Bh6 21. Rxh6+ Kg7 22. Qe6 Nd7 23. Qh3 Rh8 24. Rxh8 Qxh8 25. Qxd7 1-0

[Event "COL-ch U16"]
[Site "Florencia Caqueta"]
[Date "2024.10.06"]
[Round "7"]
[White "Vasquez Sanchez, Juan Pablo"]
[Black "Quevedo Bonilla, Paula Thaliana"]
[Result "0-1"]
[WhiteElo "1507"]
[BlackElo "1792"]
[PlyCount "56"]
[EventDate "2024.10.06"]
[EventType "swiss (blitz)"]
[EventRounds "9"]
[EventCountry "COL"]
[SourceTitle "CB44_2024"]
[Source "Chessbase"]
[SourceDate "2024.10.30"]
[SourceVersion "1"]
[SourceVersionDate "2024.10.30"]
[SourceQuality "1"]

1. e4 c5 2. Nf3 d6 3. d4 cxd4 4. Nxd4 Nf6 5. Nc3 a6 6. Be3 e5 7. Nb3 Be7 8. Qd2 0-0 9. f3 Nbd7 10. 0-0-0 b5 11. g4 Bb7 12. h4 b4 13. Nd5 Nxd5 14. exd5 a5 15. Kb1 Nf6 16. Bc4 Qc7 17. Qe2 Rfc8 18. Nd2 Nxd5 19. h5 Nxe3 20. Qxe3 d5 21. h6 g6 22. Bd3 Bf6 23. g5 Bh8 24. Rhf1 Ba6 25. Bxa6 Qxc2+ 26. Ka1 Rxa6 27. f4 exf4 28. Qxf4 Qxb2# 0-1

[Event "Bogota rapid op"]
[Site "Bogota"]
[Date "2024.09.01"]
[Round "6"]
[White "Quevedo Bonilla, Paula Thaliana"]
[Black "Fraile Vargas, Michael Steven"]
[Result "0-1"]
[WhiteElo "1764"]
[BlackElo "1569"]
[PlyCount "64"]
[EventDate "2024.09.01"]
[EventType "swiss (rapid)"]
[EventRounds "7"]
[EventCountry "COL"]
[SourceTitle "EXT 2025"]
[Source "ChessBase"]
[SourceDate "2024.10.14"]
[SourceVersion "1"]
[SourceVersionDate "2024.10.14"]
[SourceQuality "1"]

1. e4 e5 2. Nf3 Nc6 3. Bb5 Bc5 4. c3 Nf6 5. d3 a6 6. Bxc6 dxc6 7. Nxe5 Qd6 8. Nf3 Bg4 9. 0-0 Qd7 10. d4 Bb6 11. Re1 0-0-0 12. Bg5 h6 13. Bh4 g5 14. Bg3 h5 15. h3 Be6 16. Be5 Rh6 17. Qd2 Rg8 18. h4 g4 19. Qxh6 gxf3 20. Qxf6 Rxg2+ 21. Kh1 Kb8 22. Qxf3 Rg4 23. Bg3 f5 24. Nd2 fxe4 25. Nxe4 Bd5 26. c4 Rg6 27. cxd5 cxd5 28. Nc3 Bxd4 29. Rad1 Qh3+ 30. Kg1 Rxg3+ 31. Qxg3 Qxg3+ 32. Kf1 Qxf2# 0-1

[Event "Pereira U2000 op"]
[Site "Pereira"]
[Date "2024.07.19"]
[Round "3"]
[White "Quevedo Bonilla, Paula Thaliana"]
[Black "Torres, Saulo de Jesus"]
[Result "0-1"]
[WhiteElo "1698"]
[BlackElo "1789"]
[PlyCount "56"]
[EventDate "2024.07.17"]
[EventType "swiss"]
[EventRounds "10"]
[EventCountry "COL"]
[SourceTitle "EXT 2025"]
[Source "ChessBase"]
[SourceDate "2024.10.14"]
[SourceVersion "1"]
[SourceVersionDate "2024.10.14"]
[SourceQuality "1"]

1. e4 c5 2. Nf3 g6 3. d4 cxd4 4. Nxd4 Nc6 5. c4 Nf6 6. Nc3 d6 7. Be2 Nxd4 8. Qxd4 Bg7 9. Be3 0-0 10. Qd2 Bd7 11. 0-0 Bc6 12. f3 Re8 13. b4 b6 14. Rac1 a5 15. b5 Bb7 16. a4 Nd7 17. Bd4 Bxd4+ 18. Qxd4 Nc5 19. Bd1 Rc8 20. Nd5 e5 21. Qe3 Bxd5 22. cxd5 g5 23. Bc2 Kh8 24. g3 Rg8 25. Kh1 Rg6 26. f4 gxf4 27. gxf4 Qh4 28. fxe5 Rcg8 0-1